000 00740nam a22002057a 4500
005 20120723143118.0
010 _aG-002055
020 _a9788129101495
_c295.00
035 _aG-002055
037 _adpl
_bGift
082 _a920
100 _aGhosh, Gautam.
_950701
245 _aThe Prophet of Modern India;
_ba biography of Swami Vivekanand/
_cby Gautam Ghosh
260 _aNew Delhi
_bRupa.Co
_c2003
270 _a7/16, Ansari Road, Daryaganj
_bNew Delhi
300 _a146 p.
_c23 cm.
942 _2ddc
_cEN
_mGHO
_h92
999 _c68626
_d68626